00479nam a2200145Ia 4500008004100000020001500041050002200056245007300078250001200151260006500163300002100228500005400249521000800303650002200311140529s9999 xx 000 0 und d a9719192437 aRT 41b.N937 2004 aNursing practice in the community /cAraceli S. Maglaya, editor a4th ed. aMarikina City, Philippines :bArgonauta Corporation,cc2004. a450 p. ;c26 cm. aIncludes bibliographical references and appendix. aNUR aNursing process.